Linguística e historia literaria

Saved in:
Bibliographic Details
Main Author: Spitzer, Leo (Author)
Format: Book
Language:Spanish
Published: Madrid Gredos 1955
Series:Biblioteca Románica Hispánica. Estudios y Ensayos
Subjects:
Tags: Add Tag
No Tags, Be the first to tag this record!

MARC

LEADER 00000nam a2200000 a 4500
001 UCY4178
003 CL-VaPUC
008 950302e19550000SP |||||||||||||||||spa|d
082 0 4 |a 410  |b SPI  |2 21 
100 0 |a Spitzer, Leo  |e author  |9 332593 
245 1 0 |a Linguística e historia literaria 
300 |a 362 p 
942 |c BK 
945 |d 19950302 00:00:00  |a rbrito 
260 |a Madrid  |b Gredos  |c 1955 
650 0 |a Lingüística  |9 265068 
650 0 |a Crítica literaria   |9 269189 
583 |a last modification  |c 19950302 00:00:00  |k Rodrigo Vera 
490 0 |a Biblioteca Románica Hispánica. Estudios y Ensayos 
999 |c 232118  |d 232116 
952 |0 0  |1 0  |4 0  |6 410_000000000000000_SPI_1955  |7 0  |8 A  |9 236158  |a BIBEDU  |b BIBEDU  |d 2019-11-15  |i 1416766  |o 410 SPI 1955  |p 1416766  |r 2019-11-15  |w 2019-11-15  |y BK  |k LIT